000 00801nam a2200265Ia 4500
001 Para_3764
003 CHAP
008 220125s1947 xx 000 0 und d
010 _a204650
040 _cCHAP
090 _aPA FOLLETO 984
100 _aHoagland, D. R
_9170586
245 _aFertilizers, soil analysis, and plannt nutrition /
_c D. R. Hoagland
260 _aBerkeley, California :
_b Agricultural Experiment Station
300 _a24 p.
440 _aCalifornia. Agric. Exp. Sta. circular; 367
_9170587
650 _aFertilizantes Suelos
_x Análisis Plantas
_x Nutrición
_9170588
901 _aPA FOLLETO 984
902 _aA
905 _a0000001947 BER 0000000000 00
910 _a1947
942 _cPARA
942 _cPARA
_d1
999 _c204650
_d204650